Xã hội học kinh tế

محفوظ في:
التفاصيل البيبلوغرافية
المؤلف الرئيسي: Lê, Ngọc Hùng
التنسيق: كتاب
اللغة:Undetermined
منشور في: Hà Nội Đại học Quốc gia Hà Nội 1999
الموضوعات:
الوسوم: إضافة وسم
لا توجد وسوم, كن أول من يضع وسما على هذه التسجيلة!
Thư viện lưu trữ: Trung tâm Học liệu Trường Đại học Cần Thơ
LEADER 00551nam a2200193Ia 4500
001 CTU_39986
008 210402s9999 xx 000 0 und d
020 |c 15000 
082 |a 306.3 
082 |b H513 
100 |a Lê, Ngọc Hùng 
245 0 |a Xã hội học kinh tế 
245 0 |c Lê Ngọc Hùng 
260 |a Hà Nội 
260 |b Đại học Quốc gia Hà Nội 
260 |c 1999 
650 |a Sociology economics 
904 |i Nguyễn Quang Điền 
980 |a Trung tâm Học liệu Trường Đại học Cần Thơ